000 00788nam a22001577a 4500
003 OSt
005 20150922133340.0
008 150922b xxu||||| |||| 00| 0 eng d
040 _cRUA
082 _aAGR RO 2006 B034 Or.1
100 _91099
_aRO, SOPHANRITH.
245 _aEffect of fertilizers and water management on sen pisao rice at crop station in royal university of agriculture ប្រសិទ្ធភាពជី និងការគ្រប់គ្រងទឹិទ្យាកទៅលើពូជស្រូវពិដោរ​ នៅស្ថានីយ៏ពិសោធន៏ដំណាំ នៃសាកលវិទ្យាល័យភូមិន្ទកសិម្ម
260 _aPhnom Penh
_bRUA
_c2006
300 _a47p.
_bill.
_c29cm.
942 _2ddc
_cAGR
999 _c1054
_d1054